Statistics for Countries with most volcanoes

Click here to take the quiz!

General Stats

  • This quiz has been taken 37 times
  • The average score is 7 of 10

Answer Stats

ValcanoesAnswer% Correct
114Japan
97%
166Russia
94%
104Chile
92%
139Indonesia
92%
173USA
92%
43Mexico
86%
130Ice land
75%
50Philippines
39%
57Ethiopia
28%
53PNG
8%

Score Distribution

Percentile by Number Answered

Percent of People with Each Score

Your Score History

You have not taken this quiz